Catalog

Record Details

Catalog Search



Prsten Borgiů : Další příběhy Petra Kukaně z Kukaně  Cover Image Book Book

Prsten Borgiů : Další příběhy Petra Kukaně z Kukaně / Vladimír Neff

Summary:

Pseudohistorický dobrodružný román zachycuje vzrušující příběhy romantického hrdiny renesanční doby, s nímž se již čtenář setkat v autorově knize Královny nemají nohy. Tentokrát vede jeho cesta od dvora tureckého sultána dopařížské Bastily. Romantické ideály syna pražského alchymisty se tu střetávají s realitou mocenských zájmů Evropy na pokraji třicetileté války. Vyprávění střídá historický pohled s optikou moderního člověka a mísí archaizovanoumluvu s moderními příměry a výrazy.

Record details

  • Physical Description: 298, [4] s. ; 8°
  • Edition: 1. vyd.
  • Publisher: Praha : Československý spisovatel, 1975

Content descriptions

General Note:
50000 výt.
Obálku s použitím kresby Zdeňka Mézla a vazbu navrhl Josef Kalousek

Available copies

  • 1 of 1 copy available at Common Catalog SPOK.

Holds

  • 0 current holds with 1 total copy.
Show Only Available Copies
Location Call Number / Copy Notes Barcode Shelving Location Status Due Date
KDS Library 810 NeV 204576801001 Library Available -

LDR 01424nam a22002891 4500
00120650
003CZ-PrJAB
00520150709084722.0
007ta
008970114s1975 xr 000 cze
015 . ‡acnb000161465
020 . ‡q(Váz.)
035 . ‡a(CZ PrNK)bk197600220
035 . ‡a(OCoLC)2959837
040 . ‡aABA001 ‡bcze ‡cKLG001 ‡dABA001
080 . ‡a885-311.6 ‡2undef
1001 . ‡aNeff, Vladimír, ‡d1909-1983 ‡7jk01082908 ‡4aut
24510. ‡aPrsten Borgiů : ‡bDalší příběhy Petra Kukaně z Kukaně / ‡cVladimír Neff
250 . ‡a1. vyd.
260 . ‡aPraha : ‡bČeskoslovenský spisovatel, ‡c1975 ‡e(Brno : ‡fTisk 2)
300 . ‡a298, [4] s. ; ‡c
4901 . ‡aŽatva
500 . ‡a50000 výt.
500 . ‡aObálku s použitím kresby Zdeňka Mézla a vazbu navrhl Josef Kalousek
520 . ‡aPseudohistorický dobrodružný román zachycuje vzrušující příběhy romantického hrdiny renesanční doby, s nímž se již čtenář setkat v autorově knize Královny nemají nohy. Tentokrát vede jeho cesta od dvora tureckého sultána dopařížské Bastily. Romantické ideály syna pražského alchymisty se tu střetávají s realitou mocenských zájmů Evropy na pokraji třicetileté války. Vyprávění střídá historický pohled s optikou moderního člověka a mísí archaizovanoumluvu s moderními příměry a výrazy.
830 0. ‡aŽatva (Československý spisovatel)
910 . ‡aABE463
998 . ‡a000161465
901 . ‡a20650 ‡b ‡c20650 ‡tbiblio

Additional Resources